[Event "AUTO-ADV-1793"]
[Site "http://www.queenalice.com/game.php?id=788629"]
[Date "2010.6.11"]
[Round "1"]
[White "robinud"]
[Black "Atarihero"]
[Result "1-0"]
[WhiteElo "1853"]
[BlackElo "1715"]

1. e4 e5 2. Nf3 Nc6 3. Bc4 Nf6 4. Ng5 d5 5. exd5 Nxd5 6. Nxf7 Kxf7 7. Qf3+ Ke7
8. Bxd5 Be6 9. Bxc6 bxc6 10. Qxc6 Bd5 11. Qc5+ Qd6 12. Qxd6+ Kxd6 13. O-O Rb8
14. b3 Be7 15. c4 Bf7 16. Nc3 Bf6 17. Bb2 Rbe8 18. Nb5+ Kc5 19. Nxa7 Rd8 20.
Rfd1 e4 21. Bxf6 gxf6 22. Nb5 c6 23. Nc3 Rd4 24. Ne2 Bh5 25. Nxd4 Bxd1 26. Nxc6
Bxb3 27. axb3 Kxc6 28. Ra6+ 1-0

[Event "AUTO-ADV-1793"]
[Site "http://www.queenalice.com/game.php?id=788630"]
[Date "2010.6.11"]
[Round "1"]
[White "Atarihero"]
[Black "ravague"]
[Result "0-1"]
[WhiteElo "1713"]
[BlackElo "1937"]

1. e4 e5 2. Nf3 d6 3. Nc3 Nf6 4. Bc4 Bg4 5. O-O g6 6. Qe1 Bxf3 7. gxf3 a6 8. b3
Nc6 9. Nd5 Nd4 10. Bd3 Nxf3+ 0-1

[Event "AUTO-ADV-1793"]
[Site "http://www.queenalice.com/game.php?id=788631"]
[Date "2010.6.11"]
[Round "1"]
[White "ravague"]
[Black "Atarihero"]
[Result "0-1"]
[WhiteElo "1944"]
[BlackElo "1706"]

1. e4 e5 2. f4 exf4 3. Nf3 g5 4. Bc4 g4 5. Ne5 Qh4+ 6. g3 fxg3 7. Bxf7+ Kd8 8.
Qxg4 g2+ 9. Ke2 Qxg4+ 10. Nxg4 gxh1=Q 11. Nc3 Qg2+ 12. Nf2 Nc6 0-1

[Event "AUTO-INT-1643"]
[Site "http://www.queenalice.com/game.php?id=805804"]
[Date "2010.7.20"]
[Round "2"]
[White "boboi"]
[Black "Atarihero"]
[Result "0-1"]
[WhiteElo "1907"]
[BlackElo "1700"]

1. e4 Nc6 2. d4 e6 3. Nf3 d6 4. Be2 Nf6 5. Nc3 a6 6. O-O b5 7. a3 Be7 8. h3 O-O
9. Be3 Bb7 10. Bd3 e5 11. dxe5 Nxe5 12. Nxe5 dxe5 0-1

[Event "AUTO-INT-1643"]
[Site "http://www.queenalice.com/game.php?id=805805"]
[Date "2010.7.20"]
[Round "2"]
[White "Atarihero"]
[Black "boboi"]
[Result "1-0"]
[WhiteElo "1674"]
[BlackElo "1933"]

1. e4 d6 2. Nc3 Nf6 3. Bc4 g6 4. d4 Bg7 5. e5 dxe5 6. dxe5 Qxd1+ 7. Nxd1 Ng4 8.
Bf4 Bxe5 9. Bxe5 Nxe5 10. Ne3 Nxc4 11. Nxc4 Be6 12. Ne5 Nd7 13. Ngf3 1-0

[Event "AUTO-INT-1643"]
[Site "http://www.queenalice.com/game.php?id=805808"]
[Date "2010.7.20"]
[Round "2"]
[White "Atarihero"]
[Black "robinud"]
[Result "0-1"]
[WhiteElo "1683"]
[BlackElo "1848"]

1. e4 e5 2. Nf3 Nc6 3. Bc4 h6 4. d4 exd4 5. Nxd4 Bc5 6. Be3 Qf6 7. Nc3 Bxd4 8.
Bxd4 Nxd4 9. Qd3 Ne7 10. O-O-O c5 11. Rhe1 O-O 12. e5 Qxf2 0-1

[Event "AUTO-INT-1506"]
[Site "http://www.queenalice.com/game.php?id=807585"]
[Date "2010.7.23"]
[Round "3"]
[White "bananaman"]
[Black "Atarihero"]
[Result "1-0"]
[WhiteElo "2002"]
[BlackElo "1762"]

1. Nf3 Nc6 2. g3 e5 3. d3 Bc5 4. Bg2 d5 5. Nbd2 Nf6 6. a4 Bg4 7. h3 Bxf3 8. exf3
O-O 9. Nb3 b6 10. Nxc5 bxc5 11. O-O Rb8 12. b3 Re8 13. Re1 Qd7 14. f4 Kf8 15.
fxe5 Nxe5 16. Ba3 Qc6 17. d4 Ned7 18. Rxe8+ Rxe8 19. c4 Qe6 20. dxc5 Kg8 21.
cxd5 Qe5 22. d6 cxd6 23. c6 Nc5 24. Rc1 Nfe4 25. b4 Na6 26. Bxe4 Qxe4 27. Qxd6
Qe7 28. Qxe7 Rxe7 29. b5 1-0

[Event "AUTO-INT-1506"]
[Site "http://www.queenalice.com/game.php?id=807586"]
[Date "2010.7.23"]
[Round "3"]
[White "Atarihero"]
[Black "bananaman"]
[Result "0-1"]
[WhiteElo "1737"]
[BlackElo "2007"]

1. e4 e6 2. Nf3 d5 3. e5 c5 4. Bb5+ Bd7 5. c4 Bxb5 6. cxb5 Nd7 7. d3 Qa5+ 8. Nc3
d4 9. Qa4 Qc7 10. Bf4 Nb6 11. Nd5 Nxd5 12. b6+ Qc6 13. Qxc6+ bxc6 0-1

[Event "AUTO-INT-1808"]
[Site "http://www.queenalice.com/game.php?id=827299"]
[Date "2010.9.3"]
[Round "1"]
[White "FranzMeM"]
[Black "Atarihero"]
[Result "0-1"]
[WhiteElo "1445"]
[BlackElo "1737"]

1. e4 e5 2. Nf3 Nc6 3. h3 Nf6 4. d3 d5 5. Bg5 h6 6. Bxf6 gxf6 7. Nc3 Bb4 8. a3
Bxc3+ 9. bxc3 Be6 10. Be2 Rg8 11. O-O Bxh3 12. g3 Bxf1 13. Bxf1 Qd7 14. Rb1
O-O-O 15. c4 dxe4 16. dxe4 Qxd1 17. Rxd1 Rxd1 18. Nh4 Rg4 19. Kg2 Rxe4 20. Nf5
Rc1 21. Nxh6 Rxc2 22. Nxf7 Nd4 23. Nh6 Ne2 24. Nf5 Rcxc4 25. Ne3 Rc3 26. Bxe2
Rxa3 27. Bg4+ Rxg4 28. Nxg4 b5 29. Nxf6 b4 30. Nd5 b3 31. Ne7+ Kd7 32. Nd5 b2
33. g4 b1=Q 34. Nf6+ Ke6 35. g5 Qb7+ 36. Kf1 Kf5 37. Nh7 Qh1+ 0-1

[Event "AUTO-INT-1808"]
[Site "http://www.queenalice.com/game.php?id=827300"]
[Date "2010.9.3"]
[Round "1"]
[White "Atarihero"]
[Black "FranzMeM"]
[Result "1-0"]
[WhiteElo "1732"]
[BlackElo "1468"]

1. e4 e5 2. Nf3 Nc6 3. Bc4 h6 4. O-O Nf6 5. Nc3 a6 6. d4 d6 7. d5 Na5 8. b3 Nxc4
9. bxc4 Bg4 10. Rb1 Bxf3 11. Qxf3 Be7 12. Rxb7 O-O 13. Be3 Qc8 14. Rfb1 Qg4 15.
Rxc7 Qxf3 16. gxf3 Bd8 17. Rc6 Be7 18. f4 Ng4 19. Rb7 Rfe8 20. Rcc7 Kf8 21. c5
Nxe3 22. cxd6 exf4 23. Rxe7 Rxe7 24. Rxe7 Nxc2 25. Kf1 Nd4 26. e5 Nf5 27. Rc7
Re8 28. d7 Rd8 29. Rc8 Ke7 30. e6 fxe6 31. dxe6 g5 32. Nd5+ Kd6 33. Rxd8 1-0

[Event "AUTO-INT-1808"]
[Site "http://www.queenalice.com/game.php?id=827316"]
[Date "2010.9.3"]
[Round "1"]
[White "jmsteinfeld"]
[Black "Atarihero"]
[Result "1-0"]
[WhiteElo "1699"]
[BlackElo "1726"]

1. e4 e5 2. Nf3 Nc6 3. Bb5 Nf6 4. d3 Bc5 5. h3 a6 6. Bxc6 bxc6 7. Bg5 h6 8. Bxf6
Qxf6 9. Nc3 Rb8 10. b3 O-O 11. O-O d6 12. a4 Bd4 13. Nxd4 exd4 14. Ne2 c5 15. f4
c6 16. f5 d5 17. Ng3 Qh4 18. Qg4 Qxg4 19. hxg4 g6 20. Rf4 c4 21. exd5 cxd5 22.
Rxd4 cxb3 23. cxb3 Rxb3 24. Rxd5 Bb7 25. Rd6 Rb8 26. fxg6 Rb2 27. Ne4 Bxe4 28.
dxe4 R2b4 29. Rxa6 Rxe4 30. gxf7+ Kxf7 31. Rxh6 Rxg4 32. Rf1+ Kg7 33. Ra6 Rg8
34. Ra7+ Kh6 35. Rf6+ Kh5 36. Rf2 Kh4 37. Rh7+ Kg5 38. Ra2 Kg6 39. Rb7 Kg5 40.
a5 Rf4 41. a6 Kg4 42. a7 Rff8 43. Ra4+ Kg3 44. Rb3+ 1-0

[Event "AUTO-INT-1808"]
[Site "http://www.queenalice.com/game.php?id=827317"]
[Date "2010.9.3"]
[Round "1"]
[White "Atarihero"]
[Black "Givanildo"]
[Result "1-0"]
[WhiteElo "1752"]
[BlackElo "1599"]

1. e4 e5 2. Nf3 Qf6 3. Bc4 Bc5 4. d3 h6 5. O-O d6 6. Nc3 c6 7. Qe2 Bg4 8. h3
Bxf3 9. Qxf3 Qg6 10. Be3 Bxe3 11. fxe3 Nf6 12. d4 O-O 13. Rad1 Nbd7 14. Qf5 Qxf5
15. exf5 exd4 16. Rxd4 d5 17. Bb3 Rae8 18. Rf3 Ne5 19. Rf2 c5 20. Rd1 c4 21. Ba4
Ne4 22. Nxe4 dxe4 23. Bxe8 Rxe8 24. Rd4 Nf3+ 25. gxf3 exf3 26. Rxf3 f6 27. Rxc4
a6 28. e4 b5 29. Rb4 Rb8 30. a4 a5 31. Rxb5 Rc8 32. c3 Kh7 33. Rxa5 Rc4 34. e5
fxe5 35. Rxe5 Rxa4 36. b4 Ra1+ 37. Kg2 Ra2+ 38. Kg3 h5 39. f6 g6 40. f7 h4+ 41.
Kxh4 g5+ 42. Kxg5 Rg2+ 43. Kh5 Rh2 44. f8=Q Rxh3+ 45. Kg5 Rh5+ 46. Kf4 Rg5 47.
Rh3+ Kg6 48. Qh6+ Kf7 49. Qf6+ Kxf6 50. Rxg5 1-0

[Event "AUTO-INT-1808"]
[Site "http://www.queenalice.com/game.php?id=827318"]
[Date "2010.9.3"]
[Round "1"]
[White "Givanildo"]
[Black "Atarihero"]
[Result "0-1"]
[WhiteElo "1607"]
[BlackElo "1741"]

1. e4 e5 2. Bc4 Nc6 3. c3 Nf6 4. Qf3 d6 5. h3 Be6 6. Bxe6 fxe6 7. g4 d5 8. d3
Qd6 9. Ne2 O-O-O 10. exd5 Qxd5 11. Qxd5 exd5 12. Bg5 Be7 13. h4 Nxg4 14. Bxe7
Nxe7 15. O-O Rhf8 16. Nd2 Nf5 17. c4 dxc4 18. Nxc4 Rxd3 19. Rac1 Nd4 20. Nxd4
Rxd4 21. Nd6+ Kb8 22. Nb5 Rd2 23. f3 c6 24. Nc3 Ne3 25. Rf2 Rxf2 26. Kxf2 Nd5
27. Nxd5 cxd5 28. Rc5 e4 29. Rxd5 Rxf3+ 30. Kg2 Rd3 31. Rd8+ Rxd8 32. Kf2 Re8
33. Ke3 Kc7 34. b4 b5 35. a3 Kc6 36. h5 Re5 37. Kf4 Rxh5 38. Kxe4 g5 39. Kf5 h6
40. Kg6 Rh3 41. Kf5 Rxa3 42. Kg4 a5 43. bxa5 Rxa5 44. Kh5 b4 45. Kxh6 b3 0-1

[Event "AUTO-ADV-1970"]
[Site "http://www.queenalice.com/game.php?id=858309"]
[Date "2010.11.13"]
[Round "1"]
[White "wbj07"]
[Black "Atarihero"]
[Result "1-0"]
[WhiteElo "1907"]
[BlackElo "1756"]

1. e4 Nc6 2. Nf3 e5 3. Bc4 Nf6 4. Nc3 Bc5 5. h3 d6 6. Ng5 O-O 7. d3 h6 8. Nf3
Be6 9. Bxe6 fxe6 10. Na4 d5 11. Nxc5 1-0

[Event "AUTO-ADV-1970"]
[Site "http://www.queenalice.com/game.php?id=858310"]
[Date "2010.11.13"]
[Round "1"]
[White "Atarihero"]
[Black "wbj07"]
[Result "0-1"]
[WhiteElo "1746"]
[BlackElo "1917"]

1. e4 e5 2. Nf3 Nc6 3. Bc4 d6 4. Nc3 Nf6 5. O-O Bg4 6. h3 Bh5 7. Nd5 Nxe4 8. d3
Nf6 9. Bg5 Be7 10. Qd2 Bxf3 11. gxf3 Nxd5 12. Bxe7 Ndxe7 0-1

[Event "AUTO-ADV-1970"]
[Site "http://www.queenalice.com/game.php?id=858321"]
[Date "2010.11.13"]
[Round "1"]
[White "toninhojit"]
[Black "Atarihero"]
[Result "1-0"]
[WhiteElo "2056"]
[BlackElo "1726"]

1. d4 Nf6 2. c4 e6 3. Nc3 Bb4 4. a3 Bxc3+ 5. bxc3 O-O 6. f3 b6 7. e4 d6 8. Bg5
Nbd7 9. Ne2 c5 10. d5 Qc7 11. h4 Ba6 12. Ng3 Rab8 13. a4 exd5 14. cxd5 Bxf1 15.
Kxf1 Rbe8 16. h5 h6 17. Bf4 g6 18. Bxh6 1-0

[Event "AUTO-ADV-1970"]
[Site "http://www.queenalice.com/game.php?id=858329"]
[Date "2010.11.13"]
[Round "1"]
[White "Atarihero"]
[Black "Dolskkier"]
[Result "0-1"]
[WhiteElo "1737"]
[BlackElo "1993"]

1. e4 e6 2. Nc3 b6 3. d4 Bb7 4. Bd3 g6 5. Nf3 Bg7 6. e5 Ne7 7. Bg5 h6 8. Bf6
Bxf6 9. exf6 Nf5 10. O-O Qxf6 11. Ne5 Nxd4 12. Nf3 Nxf3+ 0-1

[Event "AUTO-ADV-1970"]
[Site "http://www.queenalice.com/game.php?id=858330"]
[Date "2010.11.13"]
[Round "1"]
[White "Dolskkier"]
[Black "Atarihero"]
[Result "1-0"]
[WhiteElo "1999"]
[BlackElo "1731"]

1. d4 Nf6 2. e3 d5 3. Bd3 Nc6 4. f4 Nb4 5. Nf3 Nxd3+ 6. cxd3 Bg4 7. O-O e6 8.
Qb3 Qc8 9. Ne5 Bd6 10. Bd2 O-O 11. Bb4 c5 12. Ba3 b6 13. Nc3 Qc7 14. Nb5 Qc8 15.
Nxd6 Qa6 16. dxc5 1-0